00210nam a2200097Ia 4500008004100000100002400041245001400065260000900079942000700088999001700095190216s9999||||xx |||||||||||||| ||und|| aRahul Samkruthyayan 0aViswareka bNull cBK c25397d25397